Aerodynamické charakteristiky profilu NACA 2412
Uložené v:
| Hlavný autor: | |
|---|---|
| Ďalší autori: | |
| Médium: | Rukopis Kniha |
| Jazyk: | Slovak |
| Vydavateľské údaje: |
2021
|
| Predmet: | |
| On-line prístup: | http://is.stuba.sk/zp/portal_zp.pl?podrobnosti=144211 |
| Tagy: |
Žiadne tagy, Buďte prvý, kto otaguje tento záznam!
|
MARC
| LEADER | 00000ntm a22000003a 4500 | ||
|---|---|---|---|
| 001 | stuzp84326 | ||
| 003 | SK-STU | ||
| 005 | 20210717210336.6 | ||
| 007 | ta | ||
| 008 | 150427s2015----xo-----f-mn---000-0-slo-d | ||
| 040 | |a STU |b slo | ||
| 041 | 0 | |a slo | |
| 100 | 1 | |a Trenčanová, Tímea |u 020060 |4 aut |U SjF Strojnícka fakulta |T SjF Ústav energetických strojov a zariadení |X 93247 |U J0060 |Y 805 |7 93247 | |
| 242 | 0 | 1 | |a The aerodynamic properties of the NACA 2412 airfoil |y eng |
| 245 | 1 | 0 | |a Aerodynamické charakteristiky profilu NACA 2412 |
| 260 | |c 2021 | ||
| 650 | 4 | |a NACA 2412 |2 slo | |
| 650 | 4 | |a koeficient vztlaku |2 slo | |
| 650 | 4 | |a koeficient odporu |2 slo | |
| 650 | 4 | |a uhol nábehu |2 slo | |
| 650 | 4 | |a profil |2 slo | |
| 650 | 4 | |a CFD |2 slo | |
| 650 | 4 | |a angle of attack |2 eng | |
| 650 | 4 | |a airfoil |2 eng | |
| 650 | 4 | |a NACA 2412 |2 eng | |
| 650 | 4 | |a lift coefficient |2 eng | |
| 650 | 4 | |a drag coefficient |2 eng | |
| 650 | 4 | |a CFD |2 eng | |
| 700 | 1 | |a Mlkvik, Marek |u 020060 |k Z1 |4 ths |U SjF Strojnícka fakulta |T SjF Ústav energetických strojov a zariadení |X 13109 |U J0060 |Y 805 |7 A000013109 | |
| 856 | 4 | |u http://is.stuba.sk/zp/portal_zp.pl?podrobnosti=144211 | |